ბათუმის შოთა რუსთაველის სახელმწიფო უნივერსიტეტის ბიბლიოთეკა

Краткий справочник по химии (ბიბ.ჩანაწერი № 46487)

000 -LEADER
fixed length control field 00635nam a2200205Ia 4500
001 - CONTROL NUMBER
control field 13326
003 - CONTROL NUMBER IDENTIFIER
control field GE_BSU
008 - FIXED-LENGTH DATA ELEMENTS--GENERAL INFORMATION
fixed length control field 181216s||||||||xx |||||||||||||| ||und||
040 ## - CATALOGING SOURCE
Transcribing agency GE_BSU
080 ## - UNIVERSAL DECIMAL CLASSIFICATION NUMBER
Universal Decimal Classification number 54(035)
100 ## - MAIN ENTRY--PERSONAL NAME
Personal name Гороновский,И.Т. Назаренко,Ю.П. Некряц.Е.Ф.
245 ## - TITLE STATEMENT
Title Краткий справочник по химии
245 ## - TITLE STATEMENT
Statement of responsibility, etc. Отв.ред.О.Д.Куриленко
260 ## - PUBLICATION, DISTRIBUTION, ETC.
Place of publication, distribution, etc. Киев
260 ## - PUBLICATION, DISTRIBUTION, ETC.
Name of publisher, distributor, etc. Изд-во АН Украинской ССР
260 ## - PUBLICATION, DISTRIBUTION, ETC.
Date of publication, distribution, etc. 1962
300 ## - PHYSICAL DESCRIPTION
Extent 660стр.20см.
653 ## - INDEX TERM--UNCONTROLLED
Uncontrolled term Краткий справочник по химии
942 ## - ADDED ENTRY ELEMENTS (KOHA)
Koha item type წიგნი
ეგზემპლარები
Withdrawn status Lost status Damaged status Not for loan Date acquired Barcode Date last seen Price effective from Koha item type
        2018-12-17 20845 2018-12-17 2018-12-17 წიგნი